|
|
|
|
| LEADER |
00000nam a2200000Ii 4500 |
| 001 |
DIGANAGRA0429 |
| 003 |
NyNyDIG |
| 006 |
m o d |
| 007 |
cr ||||||||||| |
| 008 |
210816s2016 sp o 000 j spa d |
| 035 |
|
|
|a (OCoLC)1282639606
|
| 040 |
|
|
|a DGITA
|b eng
|e rda
|e pn
|c DGITA
|
| 041 |
1 |
|
|a spa
|h eng
|
| 020 |
|
|
|a 9788433928160
|q eBook
|q ePub
|
| 020 |
|
|
|z 9788433959546
|
| 050 |
1 |
4 |
|a PR6054.A35 ebook
|
| 082 |
0 |
4 |
|a 823.914
|
| 100 |
1 |
|
|a Dahl, Roald,
|e author.
|
| 240 |
1 |
0 |
|a Short stories.
|k Selections.
|l Spanish
|s (Beltrán Ferrer, Payá, Samons and Vico)
|
| 245 |
1 |
0 |
|a Cuentos /
|c Roald Dahl ; traducción, Jordi Beltrán [and 3 others]
|
| 250 |
|
|
|a Edición en formato digital.
|
| 264 |
|
1 |
|a Barcelona :
|b Editorial Anagrama,
|c [2016]
|
| 300 |
|
|
|a 1 online resource.
|
| 336 |
|
|
|a text
|b txt
|2 rdacontent
|
| 337 |
|
|
|a computer
|b c
|2 rdamedia
|
| 338 |
|
|
|a online resource
|b cr
|2 rdacarrier
|
| 347 |
|
|
|a text file
|2 rdaft
|
| 347 |
|
|
|b EPUB
|
| 490 |
1 |
|
|a Compactos
|
| 505 |
0 |
|
|a El gran cambiazo ; Historias extraordinarias / traducción de Jordi Beltrán -- Relatos de lo inesperado / traducción de Carmelina Payá y Antonio Samons --Dos fábulas / traducción de Javier María Vico.
|
| 588 |
0 |
|
|a Online resource; title from ePub title page (Digitalia, viewed August 16, 2021)
|
| 655 |
|
7 |
|a Short stories.
|2 lcgft
|
| 655 |
|
0 |
|a Electronic books.
|
| 700 |
1 |
|
|a Beltrán Ferrer, Jordi,
|e translator.
|
| 700 |
1 |
|
|a Payá, Carmelina,
|e translator.
|
| 700 |
1 |
|
|a Samons, Antonio,
|e translator.
|
| 700 |
1 |
|
|a Vico, Javier,
|e translator.
|
| 700 |
1 |
|
|i Translation of:
|a Dahl, Roald.
|t Switch Bitch.
|
| 700 |
1 |
|
|i Translation of:
|a Dahl, Roald.
|t Wonderful story.
|
| 700 |
1 |
|
|i Translation of:
|a Dahl, Roald.
|t Tales of the unexpected.
|
| 700 |
1 |
|
|i Translation of:
|a Dahl, Roald.
|t Two fables.
|
| 776 |
0 |
8 |
|i Print version:
|a Dahl, Roald.
|s Short stories. Selections. Spanish (Beltrán Ferrer, Payá, Samons and Vico).
|t Cuentos.
|d Barcelona : Editorial Anagrama, 2016
|z 9788433959546
|w (OCoLC)953984430
|
| 791 |
2 |
|
|a Digitalia (Firm),
|e distributor.
|
| 793 |
0 |
|
|g Digitalia eBook Collection:
|a Anagrama
|
| 830 |
|
0 |
|a Colección compactos ;
|v 7.
|
| 856 |
4 |
0 |
|3 Digitalia Hispánica
|u https://www.digitaliapublishing.com/a/42273/
|
| 910 |
|
|
|a Premium Collection: 2021
|